000 00414nam a2200133 a 4500
001 ASINB00093LS2W
005 20140925204230.0
008 140925s1991 xxu eng d
100 1 _aKhayal, Ghulam Nabi.
245 1 0 _aThe forced of franchise :
_cGhulam Nabi K
260 _a[S.l.] :
_bKashmir writters,
_c1991.
300 _a51 p.
856 4 0 _3Amazon.com
_uhttp://www.amazon.com/exec/obidos/ASIN/chopaconline-20
999 _c10396
_d10396